| 000 | 00510nam a22001577a 4500 | ||
|---|---|---|---|
| 005 | 20251108172009.0 | ||
| 008 | 250721s1987 xx 000 0 ara d | ||
| 082 | 1 | 4 | _a811.5/سعد |
| 100 | 1 | _aشلبي، سعد إسماعيل | |
| 245 | 1 | 0 |
_aالبيئة الأندلسية و أثرها في الشعر : _bعصر ملوك الطوائف / |
| 264 | 1 |
_aالقاهره : _bدار نهضة مصر، _c1987. |
|
| 300 | _a583ص | ||
| 650 | 1 | 7 | _aالشعر الأندلسي |
| 942 |
_2ddc _cBK |
||
| 999 |
_c67867 _d67867 |
||